000 nam a22 7a 4500
999 _c51303
_d51303
003 OSt
005 20220311122910.0
008 220311b xxu||||| |||| 00| 0 eng d
040 _cIIMT COLLEGE OF POLYTECHNIC
100 _aAGRAWAL, ANSHUL
245 _aINDUSTRIAL ENGINEERING
260 _aMUZAFFARNAGAR
_bASIAN PUBLISHERS
_c2022
300 _a172
942 _2ddc
_c02